|
|
|
|
| LEADER |
00000nam0a2200000 4500 |
| 001 |
254312 |
| 005 |
20251210144743.0 |
| 035 |
|
|
|a (RuTPU)RU\TPU\book\276755
|
| 090 |
|
|
|a 254312
|
| 100 |
|
|
|a 20140320d1989 k y0rusy5003 ca
|
| 101 |
0 |
|
|a rus
|
| 102 |
|
|
|a RU
|
| 105 |
|
|
|a a z 001zy
|
| 200 |
1 |
|
|a Обтекание солнечным ветром магнитосферы Земли
|d A solar wind flowing over the Earth's magnetosphere
|f Н. В. Еркаев
|g Академия наук СССР (АН СССР), Президиум, Междуведомственный геофизический комитет ; отв. ред. М. И. Пудовкин , В. С. Семенов
|
| 210 |
|
|
|a Москва
|c Изд-во Междуведомственного геофизического комитета
|d 1989
|
| 215 |
|
|
|a 127,[3] с.
|c ил.
|d 26 см
|
| 225 |
1 |
|
|a Результаты исследований по международным геофизическим проектам
|
| 320 |
|
|
|a Библиогр.: с. 126-128 (67 назв.)
|
| 510 |
1 |
|
|a A solar wind flowing over the Earth's magnetosphere
|z eng
|
| 606 |
1 |
|
|a Магнитное поле Земли
|x Вариации
|2 stltpush
|3 (RuTPU)RU\TPU\subj\40791
|9 60622
|
| 606 |
1 |
|
|a Солнечный ветер
|2 stltpush
|3 (RuTPU)RU\TPU\subj\55514
|9 73535
|
| 610 |
1 |
|
|a обтекание
|
| 610 |
1 |
|
|a магнитостатика
|
| 610 |
1 |
|
|a магнитосфера
|
| 610 |
1 |
|
|a магнитный барьер
|
| 675 |
|
|
|a 550.385
|v 3
|
| 675 |
|
|
|a 523.6
|v 3
|
| 700 |
|
1 |
|a Еркаев
|b Н. В.
|g Николай Васильевич
|
| 702 |
|
1 |
|a Пудовкин
|b М. И.
|4 340
|
| 702 |
|
1 |
|a Семенов
|b В. С.
|4 340
|
| 712 |
0 |
2 |
|a Академия наук СССР
|b Междуведомственный геофизический комитет
|c Москва
|c 1961-1992
|9 88871
|
| 801 |
|
0 |
|a RU
|b RuMRKP
|c 19950417
|g psbo
|
| 801 |
|
1 |
|a RU
|b 63413507
|c 20140320
|
| 801 |
|
2 |
|a RU
|b 63413507
|c 20141002
|g RCR
|
| 942 |
|
|
|c BK
|